| 000 | 00905nas a2200313 454500 | ||
|---|---|---|---|
| 001 | IICA0600505 | ||
| 003 | BR-BrBNA | ||
| 005 | 20260323111532.0 | ||
| 007 | ta | ||
| 008 | 260323b bl.|||p| |||| 00| 00por d | ||
| 040 |
_aBR-BrBNA _bpor _cBiblioteca Nacional de Agricultura |
||
| 041 | _a(Es) | ||
| 072 | _aL02 | ||
| 100 | 1 | _aBraham, J.E. | |
| 100 | 1 | _aBressani, R. | |
| 100 | 1 | _aEscobar, N.R. | |
| 100 | 1 | _aAguirre, A. | |
| 245 | 1 | _aUso de la torta de semilla de algodon en raciones balanceadas para cerdos en proceso de crecimiento | |
| 300 | _av. 12 (2) p. 75-79 | ||
| 650 | _aTORTA | ||
| 650 | _aALGODAO | ||
| 650 | _aGOSSYPIUM SPP | ||
| 650 | _aVEADO | ||
| 650 | _aNUTRICAO ANIMAL | ||
| 650 | _aSUPLEMENTO ALIMENTAR | ||
| 773 | 0 |
_tTURRIALBA (IICA) _X0041-4360 _g(Apr-Jun 1962), v. 12 (2) p. 75-79 _wIICA0600505 |
|
| 909 |
_a202603 _bLúcia _c55 _dLúcia Elande |
||
| 942 |
_2IICA _n0 _cANA |
||
| 999 |
_c340754 _d340754 |
||